Program PHARE na Slovensku Reforma odborného vzdelávania

Bibliographic Details
Main Author: Pastuch, Gustáv (Author)
Other Authors: Pajtinka, Ľubomír, 1955- (Compiler)
Format: Article
Language:Slovak

MARC

LEADER 00000nab a2200000 a 4500
001 vtls001506339
003 SK-MaSNL
005 20260304140512.0
008 250505s1999 xo 000 0 slo
015 |a SNBRB 
035 |a SPKCL8666 
035 |a urn:nbn:sk:snk-ab9snu 
035 |a (urnnbn)urn:nbn:sk:snk:ar-a08rdq 
035 |a (uuid)9b31382f-c862-4a10-82ad-7a6b58b68548 
040 |a SNKBUCL  |b slo  |c SNKBUCL  |e AACR2 
041 0 |a slo 
044 |a xo  |c SK 
080 |a 377:37.014.3:37.014.24  |2 1981 
100 1 |a Pastuch, Gustáv  |4 aut  |9 1456934 
245 1 0 |a Program PHARE na Slovensku  |b Reforma odborného vzdelávania  |c Gustáv Pastuch; Ľubomír Pajtinka 
700 1 |a Pajtinka, Ľubomír,  |d 1955-  |4 com  |9 107309 
773 0 |t Technológia vzdelávania  |g Roč. 7, č. 5 (1999), s. 1-3 
850 |a Slovenská národná knižnica 
852 |a Slovenská národná knižnica 
954 |a odborná, vedecká literatúra pôvodná (slovenská)  |2 lita 
958 |a article13 
958 |a OND 
958 |a EUIPO 
999 |c 2915613  |d 2917543